| 000 | 00400cam a22001217a 4500 | ||
|---|---|---|---|
| 008 | 180718b1938 xxu||||| |||| 00| 0 eng d | ||
| 082 | _aG5x54 In2l | ||
| 245 |
_aMannual of business and procedure in the Legislative Assembly _cby Legislative Assembly Department |
||
| 250 | _a5th | ||
| 260 |
_aDelhi _bManager of Publications _c1938 |
||
| 300 | _a186+p | ||
| 700 | _aIndia. Legislative Assembly Department | ||
| 999 |
_c491029 _d491029 |
||